| 000 | 00732nam a2200229 a 4500 | ||
|---|---|---|---|
| 001 | 63013 | ||
| 005 | 20180714065249.0 | ||
| 008 | 150624s2012 enk r 000 0 eng d | ||
| 082 | 0 |
_a658.4012 _bLAS |
|
| 100 | 1 |
_aLasserre, Philippe _eautor |
|
| 245 | 1 | 0 |
_aGlobal strategic management / _cPhilippe Lasserre. |
| 250 | _aThird edition | ||
| 264 | 1 |
_aLondon, England : _bPalgrave Macmillan, _c2012 |
|
| 300 |
_axlv, 514 páginas ; _c25 cm. |
||
| 336 |
_atexto _2rdacontent |
||
| 337 |
_asin mediación _2rdamedia |
||
| 338 |
_avolumen _2rdacarrier |
||
| 650 | 0 | _aPlanificación estratégica | |
| 650 | 0 | _aEmpresas internacionales | |
| 650 | 0 | _aAdministración | |
| 650 | 0 |
_aGlobalización _xAspectos económicos |
|
| 999 |
_c63013 _d63013 |
||